| 000 | 01472nam a2200313 i 4500 | ||
|---|---|---|---|
| 003 | EG-GICUC | ||
| 005 | 20260121101407.0 | ||
| 008 | 251129s2006 ua ||||fr|||| 00| 0 ara d | ||
| 040 |
_a EG-GICUC _bara _c EG-GICUC _d EG-GICUC _erda |
||
| 041 | 0 | _aara | |
| 082 | 0 | 4 |
_221 _a345.4 _bخ ا . م |
| 092 | 0 | 4 | _221 |
| 099 | _aLaw1 07 345.4 خ ا . م 2006 | ||
| 245 | 1 | 0 |
_aموسوعة شرح أحكام نظام العاملين المدنيين بالدورة : _bفي ضوء أحكام المحكمة الإدارية العليا وفتاوى الجمعية العمومية طبيقاً لأحدث التعديلات، _nالمجلد الثاني / _cالمستشار الدكتور خالد عبد الفتاح محمد. |
| 264 | 1 |
_aالإسكندرية : _bدار الحقانية، _c2006. |
|
| 300 |
_a714 ؛صفحة _c24 سم. _bإيضاحيات، صور، مثيليات ؛ |
||
| 336 |
_2rda content _atext |
||
| 337 |
_2rda media _aComputer |
||
| 338 |
_2rda carrier _aOnline Resource |
||
| 504 | _a. 240-220 ببليوجرافيا: صفحات. | ||
| 505 | _aأحكام الترقية - ضم مدد الخدمة - ضم مدة الخدمة العسكرية. | ||
| 546 | _aالنص باللغة العربية | ||
| 650 | 1 | 4 |
_vالوظيفة العامة _2qrmak |
| 650 | 1 | 4 |
_aالقانون الإداري _2qrmak |
| 651 | 1 | _2qrmak | |
| 856 | 4 | 0 | _uhttps://fll.law.cu.edu.eg/fulltext/bks/B07-01182.pdf |
| 905 |
_a32 _eYara |
||
| 942 |
_2ddc _cBK _e21 _n0 |
||
| 999 |
_c47443 _d47443 |
||